Movies at the Half-Hour Mark (Disney/Pixar II) Quiz Stats

 Plays Quiz Updated Feb 14, 2018

Score 0/20 Timer 05:00
12 Plays Today
% Correct
Tarzan
98.8%
Monsters, Inc.
98.8%
The Jungle Book
96.8%
Dumbo
96.7%
Cinderella
96.5%
Toy Story 3
96%
Bambi
95.1%
Hercules
94.1%
Pinocchio
94%
Brave
93.7%
% Correct
Frozen
93.4%
The Many Adventures of Winnie the Pooh
92.1%
Ratatouille
91.8%
The Incredibles
85.5%
The Princess and the Frog
81.4%
The Emperor's New Groove
76.7%
Wreck-It Ralph
74.4%
The Hunchback of Notre Dame
69.8%
Bolt
54.7%
Treasure Planet
48.8%

You're not logged in!

Compare scores with friends on all Sporcle quizzes.
OR
Log In

You Might Also Like...

Show Comments

Extras

Top Quizzes Today


Score Distribution

Your Account Isn't Verified!

In order to create a playlist on Sporcle, you need to verify the email address you used during registration. Go to your Sporcle Settings to finish the process.

Report this User

Report this user for behavior that violates our Community Guidelines.

Details: